[Event "GER GM07-B email"]
[Site "GER email"]
[Date "2018.06.19"]
[Round "?"]
[White "Schwenck, Mathias"]
[Black "Copar, Anton"]
[Result "1/2-1/2"]
[WhiteElo "2524"]
[BlackElo "2527"]
[PlyCount "83"]
[EventDate "2018.??.??"]
[EventType "tourn (corr)"]
[EventRounds "13"]
[EventCountry "GER"]
[SourceTitle "Corr 2022"]
[Source "ChessBase"]
[SourceDate "2021.10.24"]
[SourceVersion "1"]
[SourceVersionDate "2021.10.24"]
[SourceQuality "1"]

1. e4 c5 2. Nc3 d6 3. Nge2 Nf6 4. d4 cxd4 5. Nxd4 a6 6. h3 e5 7. Nde2 h5 8. g3 Be6 9. Bg2 b5 10. 0-0 Nbd7 11. Be3 Be7 12. Nd5 Nxd5 13. exd5 Bf5 14. f4 Rc8 15. c3 g6 16. Qd2 Nc5 17. Rad1 Nb7 18. Nc1 Qd7 19. Kh2 b4 20. Nd3 bxc3 21. bxc3 Na5 22. Qf2 f6 23. Nb4 Rxc3 24. Qd2 Rc8 25. Bf2 0-0 26. Nc6 Nb7 27. Rc1 Rf7 28. Nxe7+ Rxe7 29. Rxc8+ Qxc8 30. fxe5 fxe5 31. Rc1 Qd7 32. Rc6 a5 33. Be3 Rh7 34. Bb6 Rf7 35. Qc3 Nd8 36. Rc4 Nb7 37. Rc6 Nd8 38. Rc4 Nb7 39. a4 Qe8 40. Qd2 Kh7 41. Be3 Qd7 42. Bb6 1/2-1/2

[Event "GER GM07-B email"]
[Site "GER email"]
[Date "2018.06.19"]
[Round "?"]
[White "Schwenck, Mathias"]
[Black "Pirs, Matjaz"]
[Result "1/2-1/2"]
[WhiteElo "2524"]
[BlackElo "2513"]
[PlyCount "61"]
[EventDate "2018.??.??"]
[EventType "tourn (corr)"]
[EventRounds "13"]
[EventCountry "GER"]
[SourceTitle "Corr 2020"]
[Source "ChessBase"]
[SourceDate "2019.09.30"]
[SourceVersion "1"]
[SourceVersionDate "2019.09.30"]
[SourceQuality "1"]

1. e4 c5 2. Nc3 Nc6 3. f4 g6 4. Nf3 Bg7 5. Bb5 Nd4 6. 0-0 a6 7. Bd3 Nh6 8. Nxd4 cxd4 9. Ne2 d5 10. e5 f6 11. exf6 Bxf6 12. b3 0-0 13. Bb2 Bf5 14. Kh1 e5 15. Bxf5 Nxf5 16. g4 Nh4 17. g5 Bg7 18. Qe1 Nf5 19. fxe5 Re8 20. Nxd4 Rxe5 21. Qf2 Qe7 22. Qg1 Nxd4 23. Bxd4 Rxg5 24. Qe3 Qxe3 25. Bxe3 Rg4 26. Rae1 Re4 27. Bf4 Rf8 28. Rxe4 dxe4 29. Kg2 Rf5 30. Be3 Kf7 31. Rxf5+ 1/2-1/2

[Event "GER-chT11-A email"]
[Site "GER email"]
[Date "2015.10.15"]
[Round "?.1"]
[White "Bellmann, Herbert"]
[Black "Schwenck, Mathias"]
[Result "1/2-1/2"]
[WhiteElo "2467"]
[BlackElo "2524"]
[PlyCount "103"]
[EventDate "2015.??.??"]
[EventType "tourn (corr)"]
[EventRounds "8"]
[EventCountry "GER"]
[SourceTitle "Corr 2017"]
[Source "ChessBase"]
[SourceDate "2017.09.19"]
[SourceVersion "1"]
[SourceVersionDate "2017.09.19"]
[SourceQuality "1"]
[WhiteTeam "FSF Rochade 5171"]
[BlackTeam "HSG Uni Rostock"]

1. e4 c5 2. Nf3 Nc6 3. Bb5 e6 4. 0-0 Nge7 5. c3 a6 6. Ba4 b5 7. Bc2 Bb7 8. Re1 c4 9. a4 Ng6 10. d3 cxd3 11. Bxd3 b4 12. Be3 Be7 13. Nbd2 Nce5 14. Nxe5 Nxe5 15. Bf1 0-0 16. a5 bxc3 17. bxc3 d6 18. Rb1 Qc7 19. Bb6 Qc6 20. Qe2 Qc8 21. Bd4 Qc7 22. Nc4 Nxc4 23. Qxc4 Qxc4 24. Bxc4 Rfb8 25. f3 Kf8 26. g3 Bc6 27. Rxb8+ Rxb8 28. Bb6 Ra8 29. Kf2 Bf6 30. Bf1 Ke8 31. Ke3 d5 32. exd5 Bxd5 33. c4 Bc6 34. c5 g6 35. Bc4 Be7 36. Rd1 Ba4 37. Rd2 Bc6 38. f4 h5 39. Be2 Bb7 40. Rc2 Bc6 41. h3 Kf8 42. Rd2 Bb7 43. g4 Rc8 44. Rc2 hxg4 45. hxg4 g5 46. f5 exf5 47. gxf5 Bf6 48. c6 Bxc6 49. Bxa6 Re8+ 50. Kf2 Be4 51. Re2 Bxf5 52. Bb7 1/2-1/2

[Event "GER-chT11-A email"]
[Site "GER email"]
[Date "2015.10.15"]
[Round "?.1"]
[White "Schwenck, Mathias"]
[Black "Mueller, Gerhard111111"]
[Result "1/2-1/2"]
[WhiteElo "2524"]
[BlackElo "2575"]
[PlyCount "44"]
[EventDate "2015.??.??"]
[EventType "tourn (corr)"]
[EventRounds "8"]
[EventCountry "GER"]
[SourceTitle "Corr 2017"]
[Source "ChessBase"]
[SourceDate "2017.09.19"]
[SourceVersion "1"]
[SourceVersionDate "2017.09.19"]
[SourceQuality "1"]
[WhiteTeam "HSG Uni Rostock"]
[BlackTeam "SV Osnabrueck von 1919 e.V."]

1. d4 d5 2. c4 c6 3. Nf3 Nf6 4. Nc3 e6 5. e3 Nbd7 6. Qc2 Bd6 7. Bd3 dxc4 8. Bxc4 0-0 9. 0-0 b5 10. Be2 Bb7 11. Rd1 Qc7 12. e4 e5 13. g3 Rfe8 14. dxe5 Nxe5 15. Bg5 Neg4 16. Rac1 Bc5 17. Bxf6 Bxf2+ 18. Kh1 gxf6 19. Nxb5 Qe7 20. Nd6 Ne3 21. Qb3 Nxd1 22. Rxd1 Rad8 1/2-1/2